00744nam a2200169 a 450000100100000000500170001000800410002704000250006808200250009324500950011826000690021330000270028249000200030983000270032995202010035699900170055700004638720201002052832.0150806s1987 dr a 000 0 spa d aDO-SdBNPbspacBNPHU axxxxxxxxxbxxxxxxxxx03aEl proceso de formación del marxismo-leninismo :bqué es el materialismo dialéctico. aSanto Domingo :bPartido de los Trabajadores Dominicanos,c1987. a24 p. :bil. ;c22 cm.1 aIniciaciónv1 0aIniciaciónn1974414 0010718PDaPDbPDcHDd2015-08-06iLF1l0oxxxxxxxxx xxxxxxxxxp46387-10r2020-06-25w2020-06-25yLFPDzPerteneció a la biblioteca personal de Chiqui Vicioso / Fidelio Despradel.ZNo se presta c45876d45876